[Event "1st 4NCL Easter Congress"]
[Site "Stevenage"]
[Date "2019.04.20"]
[Round "3"]
[Board "8"]
[White "Hutchinson, Norman A"]
[Black "Merriman, John"]
[Result "0-1"]
[WhiteElo "2041"]
[BlackElo "2238"]
[PlyCount "0"]
[EventDate "2019.04.19"]
[EventRounds "7"]
[EventCountry "ENG"]

1. e4 {[%clk 01:30:53]} {[%emt 00:00:06]} e6 {[%clk 01:30:25]} {[%emt
00:00:36]} 2. d4 {[%clk 01:31:09]} {[%emt 00:00:14]} d5 {[%clk 01:30:48]}
{[%emt 00:00:07]} 3. Nd2 {[%clk 01:31:31]} {[%emt 00:00:09]} Be7 {[%clk
01:31:10]} {[%emt 00:00:07]} 4. Ngf3 {[%clk 01:31:56]} {[%emt 00:00:05]} Nf6
{[%clk 01:31:34]} {[%emt 00:00:06]} 5. e5 {[%clk 01:32:18]} {[%emt 00:00:08]}
Nfd7 {[%clk 01:31:59]} {[%emt 00:00:06]} 6. c3 {[%clk 01:32:42]} {[%emt
00:00:05]} c5 {[%clk 01:32:24]} {[%emt 00:00:04]} 7. Bd3 {[%clk 01:33:06]}
{[%emt 00:00:07]} Nc6 {[%clk 01:32:49]} {[%emt 00:00:06]} 8. O-O {[%clk
01:33:29]} {[%emt 00:00:06]} a5 {[%clk 01:33:02]} {[%emt 00:00:18]} 9. Re1
{[%clk 01:32:08]} {[%emt 00:01:51]} cxd4 {[%clk 01:32:39]} {[%emt 00:00:52]} 10.
cxd4 {[%clk 01:32:25]} {[%emt 00:00:12]} Qb6 {[%clk 01:33:05]} {[%emt
00:00:05]} 11. Qa4 {[%clk 01:27:23]} {[%emt 00:05:32]} O-O {[%clk 01:30:20]}
{[%emt 00:03:15]} 12. Nb1 {[%clk 01:22:55]} {[%emt 00:04:57]} Qb4 {[%clk
01:25:41]} {[%emt 00:05:09]} 13. Qd1 {[%clk 01:20:58]} {[%emt 00:02:28]} f5
{[%clk 01:20:17]} {[%emt 00:05:54]} 14. Nc3 {[%emt 00:27:37]} Qb6 {[%clk
00:58:56]} 15. Nb5 {[%clk 01:06:58]} {[%emt 00:09:14]} Qd8 {[%clk 00:58:40]}
{[%emt 00:00:46]} 16. b3 {[%clk 00:51:47]} {[%emt 00:15:41]} Nb6 {[%clk
00:58:14]} {[%emt 00:00:56]} 17. Ba3 {[%clk 00:49:56]} {[%emt 00:02:21]} Nb4
{[%clk 00:53:12]} {[%emt 00:05:32]} 18. Bf1 {[%clk 00:41:38]} {[%emt 00:08:47]}
Bd7 {[%clk 00:52:36]} {[%emt 00:01:05]} 19. Nc3 {[%clk 00:39:14]} {[%emt
00:02:53]} Rc8 {[%clk 00:51:31]} {[%emt 00:01:36]} 20. Bb2 {[%clk 00:39:28]}
{[%emt 00:00:15]} Be8 {[%clk 00:50:36]} {[%emt 00:01:26]} 21. a3 {[%clk
00:38:36]} {[%emt 00:01:23]} Nc6 {[%clk 00:50:36]} {[%emt 00:00:30]} 22. Qd3
{[%clk 00:35:15]} {[%emt 00:03:49]} g5 {[%clk 00:48:43]} {[%emt 00:02:25]} 23.
Rec1 {[%clk 00:33:05]} {[%emt 00:02:40]} Bg6 {[%clk 00:47:25]} {[%emt
00:01:48]} 24. Ne1 {[%clk 00:30:53]} {[%emt 00:02:42]} f4 {[%clk 00:43:35]}
{[%emt 00:04:19]} 25. Qd1 {[%clk 00:29:39]} {[%emt 00:01:45]} Qe8 {[%clk
00:43:33]} {[%emt 00:00:32]} 26. Nb1 {[%clk 00:24:45]} {[%emt 00:05:24]} Qf7
{[%clk 00:42:40]} {[%emt 00:01:23]} 27. Nd2 {[%clk 00:23:30]} {[%emt 00:01:45]}
h5 {[%clk 00:38:36]} {[%emt 00:04:33]} 28. h3 {[%clk 00:22:17]} {[%emt
00:01:44]} Qh7 {[%clk 00:37:18]} {[%emt 00:01:48]} 29. Be2 {[%clk 00:21:46]}
{[%emt 00:01:00]} Kf7 {[%clk 00:34:50]} {[%emt 00:02:58]} 30. Nf1 {[%clk
00:21:35]} {[%emt 00:00:41]} Rh8 {[%clk 00:34:34]} {[%emt 00:00:46]} 31. Bd3
{[%clk 00:20:39]} {[%emt 00:01:27]} Rcg8 {[%clk 00:24:11]} {[%emt 00:10:52]} 32.
Bxg6+ {[%clk 00:20:23]} {[%emt 00:00:46]} Qxg6 {[%clk 00:22:22]} {[%emt
00:02:19]} 33. Qd3 {[%clk 00:18:47]} {[%emt 00:02:06]} g4 {[%clk 00:20:39]}
{[%emt 00:02:13]} 34. Qxg6+ {[%clk 00:18:00]} {[%emt 00:01:17]} Kxg6 {[%clk
00:20:13]} {[%emt 00:00:56]} 35. Nd3 {[%clk 00:15:15]} {[%emt 00:03:15]} Kf5
{[%clk 00:20:20]} {[%emt 00:00:23]} 36. g3 {[%clk 00:14:29]} {[%emt 00:01:16]}
fxg3 {[%clk 00:13:47]} {[%emt 00:07:03]} 37. Nxg3+ {[%clk 00:13:52]} {[%emt
00:01:06]} Kg6 {[%clk 00:13:48]} {[%emt 00:00:31]} 38. hxg4 {[%clk 00:13:34]}
{[%emt 00:00:47]} hxg4 {[%clk 00:13:55]} {[%emt 00:00:23]} 39. Kg2 {[%clk
00:10:14]} {[%emt 00:03:50]} Rf8 {[%clk 00:13:54]} {[%emt 00:00:31]} 40. Rh1
{[%clk 00:10:09]} {[%emt 00:00:36]} Rxh1 {[%clk 00:13:40]} {[%emt 00:00:43]} 41.
Rxh1 {[%clk 00:09:54]} {[%emt 00:00:45]} Rf3 {[%clk 00:13:38]} {[%emt
00:00:32]} 42. Rd1 {[%clk 00:10:06]} {[%emt 00:00:18]} a4 {[%clk 00:12:34]}
{[%emt 00:01:34]} 43. b4 {[%clk 00:09:31]} {[%emt 00:01:06]} Nc4 {[%clk
00:12:23]} {[%emt 00:00:41]} 44. Bc1 {[%clk 00:09:39]} {[%emt 00:00:21]} b6
{[%clk 00:10:39]} {[%emt 00:02:14]} 45. Ne2 {[%clk 00:07:58]} {[%emt 00:02:11]}
Bg5 {[%clk 00:10:12]} {[%emt 00:00:57]} 46. Ndf4+ {[%clk 00:06:10]} {[%emt
00:02:18]} Bxf4 {[%clk 00:07:46]} {[%emt 00:02:56]} 47. Nxf4+ {[%clk 00:06:06]}
{[%emt 00:00:34]} Kf5 {[%clk 00:07:58]} {[%emt 00:00:18]} 48. Nd3 {[%clk
00:04:24]} {[%emt 00:02:12]} Ke4 {[%clk 00:06:18]} {[%emt 00:02:10]} 49. Nb2
{[%clk 00:03:23]} {[%emt 00:01:32]} Nxd4 {[%clk 00:05:31]} {[%emt 00:01:17]} 50.
Nxc4 {[%clk 00:02:55]} {[%emt 00:00:58]} dxc4 {[%clk 00:05:53]} {[%emt
00:00:07]} 51. Be3 {[%clk 00:03:03]} {[%emt 00:00:23]} Rxe3 {[%clk 00:05:38]}
{[%emt 00:00:45]} 52. fxe3 {[%clk 00:03:28]} {[%emt 00:00:05]} Kxe3 {[%clk
00:06:02]} {[%emt 00:00:05]} 53. Kg3 {[%clk 00:03:47]} {[%emt 00:00:12]} c3
{[%clk 00:05:36]} {[%emt 00:00:55]}  0-1

[Event "1st 4NCL Easter Congress"]
[Site "Stevenage"]
[Date "2019.04.20"]
[Round "3"]
[Board "9"]
[White "Britton, Richard"]
[Black "Chakanyuka, Charles"]
[Result "1-0"]
[WhiteElo "2181"]
[BlackElo "2028"]
[PlyCount "0"]
[EventDate "2019.04.19"]
[EventRounds "7"]
[EventCountry "ENG"]

1. e4 {[%clk 01:30:57]} {[%emt 00:00:01]} d6 {[%clk 01:25:48]} {[%emt
00:05:11]} 2. d4 {[%clk 01:31:22]} {[%emt 00:00:05]} Nf6 {[%clk 01:26:13]}
{[%emt 00:00:07]} 3. Nc3 {[%clk 01:31:49]} {[%emt 00:00:03]} g6 {[%clk
01:26:36]} {[%emt 00:00:07]} 4. Nf3 {[%clk 01:29:49]} {[%emt 00:02:29]} Bg7
{[%clk 01:26:25]} {[%emt 00:00:41]} 5. Be3 {[%clk 01:30:14]} {[%emt 00:00:05]}
O-O {[%clk 01:25:29]} {[%emt 00:01:26]} 6. Qd2 {[%clk 01:30:40]} {[%emt
00:00:04]} Ng4 {[%clk 01:19:02]} {[%emt 00:06:57]} 7. Bg5 {[%clk 01:30:50]}
{[%emt 00:00:21]} h6 {[%clk 01:19:28]} {[%emt 00:00:04]} 8. Bh4 {[%clk
01:31:17]} {[%emt 00:00:03]} g5 {[%clk 01:18:16]} {[%emt 00:01:42]} 9. Bg3
{[%clk 01:29:05]} {[%emt 00:02:41]} e5 {[%clk 01:18:41]} {[%emt 00:00:06]} 10.
dxe5 {[%clk 01:17:17]} {[%emt 00:12:18]} Nxe5 {[%clk 01:17:52]} {[%emt
00:01:19]} 11. Nxe5 {[%clk 01:17:42]} {[%emt 00:00:05]} dxe5 {[%clk 01:17:45]}
{[%emt 00:00:37]} 12. Qxd8 {[%clk 01:18:06]} {[%emt 00:00:07]} Rxd8 {[%clk
01:17:39]} {[%emt 00:00:35]} 13. Nd5 {[%clk 01:18:18]} {[%emt 00:00:18]} Rd7
{[%clk 01:17:12]} {[%emt 00:00:56]} 14. Be2 {[%clk 01:18:17]} {[%emt 00:00:32]}
c6 {[%clk 01:16:51]} {[%emt 00:00:51]} 15. Ne3 {[%clk 01:18:41]} {[%emt
00:00:06]} Rd4 {[%clk 01:12:00]} {[%emt 00:05:21]} 16. f3 {[%clk 01:17:06]}
{[%emt 00:02:05]} Be6 {[%clk 01:09:32]} {[%emt 00:02:58]} 17. b3 {[%clk
01:13:43]} {[%emt 00:03:53]} a5 {[%clk 01:05:42]} {[%emt 00:04:20]} 18. Bc4
{[%clk 01:10:50]} {[%emt 00:03:23]} Bd7 {[%clk 00:54:22]} {[%emt 00:11:50]} 19.
a4 {[%clk 01:07:09]} {[%emt 00:04:11]} Na6 {[%clk 00:52:47]} {[%emt 00:02:06]}
20. Ke2 {[%clk 00:58:39]} {[%emt 00:08:59]} Nc7 {[%clk 00:45:13]} {[%emt
00:08:05]} 21. c3 {[%clk 00:52:56]} {[%emt 00:06:12]} Rd6 {[%clk 00:43:43]}
{[%emt 00:01:59]} 22. Rhd1 {[%clk 00:48:49]} {[%emt 00:04:38]} Rxd1 {[%clk
00:42:44]} {[%emt 00:01:29]} 23. Rxd1 {[%clk 00:49:13]} {[%emt 00:00:06]} Be6
{[%clk 00:42:27]} {[%emt 00:00:46]} 24. Bxe6 {[%clk 00:48:13]} {[%emt
00:01:31]} Nxe6 {[%clk 00:42:53]} {[%emt 00:00:05]} 25. Nf5 {[%clk 00:48:35]}
{[%emt 00:00:07]} Nf4+ {[%clk 00:39:03]} {[%emt 00:04:20]} 26. Bxf4 {[%clk
00:47:07]} {[%emt 00:01:59]} exf4 {[%clk 00:39:21]} {[%emt 00:00:11]} 27. Rd7
{[%clk 00:47:33]} {[%emt 00:00:04]} b5 {[%clk 00:34:29]} {[%emt 00:05:23]} 28.
Kd3 {[%clk 00:46:46]} {[%emt 00:01:16]} Bf8 {[%clk 00:28:58]} {[%emt 00:06:01]}
29. Rc7 {[%clk 00:45:50]} {[%emt 00:01:26]} bxa4 {[%clk 00:27:23]} {[%emt
00:02:06]} 30. bxa4 {[%clk 00:46:16]} {[%emt 00:00:04]} c5 {[%clk 00:26:38]}
{[%emt 00:01:15]} 31. Kc2 {[%clk 00:43:13]} {[%emt 00:03:33]} h5 {[%clk
00:24:50]} {[%emt 00:02:17]} 32. Ne7+ {[%clk 00:36:36]} {[%emt 00:07:07]} Kg7
{[%clk 00:23:16]} {[%emt 00:02:04]} 33. Nc6 {[%clk 00:33:39]} {[%emt 00:03:28]}
Kf6 {[%clk 00:21:02]} {[%emt 00:02:44]} 34. Ra7 {[%clk 00:32:49]} {[%emt
00:01:20]} Rxa7 {[%clk 00:12:33]} {[%emt 00:08:59]} 35. Nxa7 {[%clk 00:33:13]}
{[%emt 00:00:06]} Bd6 {[%clk 00:12:53]} {[%emt 00:00:09]} 36. Kd3 {[%clk
00:32:19]} {[%emt 00:01:25]} Ke6 {[%clk 00:10:33]} {[%emt 00:02:50]} 37. Kc4
{[%clk 00:31:23]} {[%emt 00:01:26]} g4 {[%clk 00:07:47]} {[%emt 00:03:15]} 38.
Nc6 {[%clk 00:30:13]} {[%emt 00:01:41]} f5 {[%clk 00:03:09]} {[%emt 00:05:07]}
39. exf5+ {[%clk 00:30:37]} {[%emt 00:00:06]} Kxf5 {[%clk 00:03:12]} {[%emt
00:00:28]} 40. Nxa5 {[%clk 00:30:52]} {[%emt 00:00:15]} Kg5 {[%clk 00:01:17]}
{[%emt 00:02:24]} 41. Nc6 {[%clk 00:31:12]} {[%emt 00:00:11]} Bc7 {[%clk
00:01:09]} {[%emt 00:00:38]} 42. a5 {[%clk 00:31:33]} {[%emt 00:00:09]} Bxa5
{[%clk 00:01:14]} {[%emt 00:00:24]} 43. Nxa5 {[%clk 00:31:59]} {[%emt
00:00:05]} Kh4 {[%clk 00:01:35]} {[%emt 00:00:09]} 44. Kd3 {[%clk 00:23:50]}
{[%emt 00:08:39]} gxf3 {[%clk 00:01:22]} {[%emt 00:00:43]} 45. gxf3 {[%clk
00:24:15]} {[%emt 00:00:05]} Kh3 {[%clk 00:01:42]} {[%emt 00:00:10]} 46. Ke4
{[%clk 00:24:36]} {[%emt 00:01:21]} Kxh2 {[%clk 00:00:45]} {[%emt 00:02:07]} 47.
Kxf4 {[%clk 00:25:02]} {[%emt 00:00:05]} Kg2 {[%clk 00:00:47]} {[%emt
00:00:27]} 48. Nc4 {[%clk 00:25:27]} {[%emt 00:00:06]} h4 {[%clk 00:00:57]}
{[%emt 00:00:20]} 49. Ne3+ {[%clk 00:25:48]} {[%emt 00:00:09]} Kf2 {[%clk
00:01:06]} {[%emt 00:00:21]} 50. Ng4+ {[%clk 00:25:48]} {[%emt 00:00:30]} Kg2
{[%clk 00:01:01]} {[%emt 00:00:35]} 51. Ke3 {[%clk 00:25:57]} {[%emt 00:00:21]}
Kg3 {[%clk 00:01:17]} {[%emt 00:00:14]} 52. Nf2 {[%clk 00:24:37]} {[%emt
00:01:51]} h3 {[%clk 00:00:42]} {[%emt 00:01:05]} 53. Nxh3 {[%clk 00:24:58]}
{[%emt 00:00:08]} Kxh3 {[%clk 00:00:59]} {[%emt 00:00:12]} 54. c4 {[%clk
00:25:01]} {[%emt 00:00:28]} Kh4 {[%clk 00:01:02]} {[%emt 00:00:27]} 55. Kf4
{[%clk 00:25:26]} {[%emt 00:00:05]} Kh5 {[%clk 00:01:02]} {[%emt 00:00:29]} 56.
Kf5 {[%clk 00:25:50]} {[%emt 00:00:06]}  1-0

[Event "1st 4NCL Easter Congress"]
[Site "Stevenage"]
[Date "2019.04.20"]
[Round "3"]
[Board "10"]
[White "Estevez Fernandez, Josue"]
[Black "Walker, Martin G"]
[Result "1/2-1/2"]
[WhiteElo "1976"]
[BlackElo "2166"]
[PlyCount "0"]
[EventDate "2019.04.19"]
[EventRounds "7"]
[EventCountry "ENG"]

1. e4 {[%emt 00:07:21]} e5 {[%emt 00:00:11]} 2. Nf3 {[%emt 00:00:03]} Nc6
{[%emt 00:00:06]} 3. Bc4 {[%emt 00:00:03]} Bc5 {[%emt 00:00:11]} 4. O-O {[%emt
00:00:06]} Nf6 {[%emt 00:00:17]} 5. d3 {[%emt 00:00:19]} O-O {[%emt 00:01:02]}
6. Re1 {[%emt 00:01:47]} d5 {[%emt 00:02:21]} 7. exd5 {[%emt 00:11:12]} Nxd5
{[%emt 00:00:04]} 8. Nxe5 {[%emt 00:04:15]} Nxe5 {[%emt 00:26:30]} 9. Rxe5
{[%emt 00:00:22]} Bxf2+ {[%emt 00:00:05]} 10. Kxf2 {[%emt 00:10:50]} Qh4+
{[%emt 00:00:04]} 11. Kf1 {[%emt 00:08:03]} Qf6+ {[%emt 00:00:12]} 12. Qf3
{[%emt 00:00:11]} Qxe5 {[%emt 00:00:06]} 13. Bxd5 {[%emt 00:00:40]} c6 {[%emt
00:02:52]} 14. Bb3 {[%emt 00:01:52]} Qxh2 {[%emt 00:00:07]} 15. Be3 {[%emt
00:07:59]} Be6 {[%emt 00:02:07]} 16. Nd2 {[%emt 00:02:39]} Rfe8 {[%emt
00:04:32]} 17. Qf4 {[%emt 00:09:40]} Qh1+ {[%emt 00:06:48]} 18. Bg1 {[%emt
00:00:05]} Qh5 {[%emt 00:03:11]} 19. Nf3 {[%emt 00:07:42]} h6 {[%emt 00:04:31]}
20. Bd4 {[%emt 00:05:28]} Bxb3 {[%emt 00:08:09]} 21. axb3 {[%emt 00:00:08]} Re6
{[%emt 00:00:09]} 22. Rxa7 {[%emt 00:03:44]} Qh1+ {[%emt 00:01:25]} 23. Bg1
{[%emt 00:05:05]} Rxa7 {[%emt 00:07:08]} 24. Qb8+ {[%emt 00:00:04]} Kh7 {[%emt
00:00:07]} 25. Qxa7 {[%emt 00:00:10]} Rg6 {[%emt 00:01:04]} 26. Qf2 {[%emt
00:00:33]} Qh5 {[%emt 00:00:57]} 27. Qh4 {[%emt 00:00:54]} Qa5 {[%emt
00:00:41]} 28. Qa4 {[%emt 00:05:32]} Qh5 {[%emt 00:00:10]} 29. Qh4 {[%emt
00:04:35]} Qa5 {[%emt 00:00:08]} 30. Qa4 {[%emt 00:00:20]} Qh5 {[%emt
00:00:45]} 31. Qh4 {[%emt 00:00:04]}  1/2-1/2

[Event "1st 4NCL Easter Congress"]
[Site "Stevenage"]
[Date "2019.04.20"]
[Round "3"]
[Board "11"]
[White "Miller, Dominic"]
[Black "Ansari, Athar"]
[Result "1-0"]
[WhiteElo "2164"]
[BlackElo "1934"]
[PlyCount "0"]
[EventDate "2019.04.19"]
[EventRounds "7"]
[EventCountry "ENG"]

1. e4 {[%clk 01:30:56]} {[%emt 00:00:03]} d5 {[%clk 01:30:48]} {[%emt
00:00:12]} 2. exd5 {[%clk 01:31:20]} {[%emt 00:00:06]} Qxd5 {[%clk 01:31:04]}
{[%emt 00:00:15]} 3. Nc3 {[%clk 01:31:46]} {[%emt 00:00:03]} Qa5 {[%clk
01:30:36]} {[%emt 00:00:58]} 4. d4 {[%clk 01:32:10]} {[%emt 00:00:05]} Nf6
{[%clk 01:30:55]} {[%emt 00:00:12]} 5. Bc4 {[%clk 01:32:05]} {[%emt 00:00:34]}
c6 {[%clk 01:30:12]} {[%emt 00:01:15]} 6. Bd2 {[%clk 01:32:16]} {[%emt
00:00:18]} Qc7 {[%clk 01:30:24]} {[%emt 00:00:18]} 7. Nf3 {[%clk 01:31:39]}
{[%emt 00:01:07]} Bg4 {[%clk 01:27:29]} {[%emt 00:03:24]} 8. h3 {[%clk
01:30:05]} {[%emt 00:02:05]} Bxf3 {[%clk 01:27:56]} {[%emt 00:00:03]} 9. Qxf3
{[%clk 01:30:27]} {[%emt 00:00:08]} e6 {[%clk 01:24:33]} {[%emt 00:03:53]} 10.
O-O-O {[%clk 01:30:29]} {[%emt 00:00:28]} Nbd7 {[%clk 01:25:00]} {[%emt
00:00:03]} 11. Rhe1 {[%clk 01:29:46]} {[%emt 00:01:12]} O-O-O {[%clk 01:24:48]}
{[%emt 00:00:43]} 12. Kb1 {[%clk 01:28:32]} {[%emt 00:01:44]} Nb6 {[%clk
01:22:34]} {[%emt 00:02:44]} 13. Bf4 {[%clk 01:27:20]} {[%emt 00:01:41]} Bd6
{[%clk 01:23:01]} {[%emt 00:00:04]} 14. Bxd6 {[%clk 01:27:42]} {[%emt
00:00:08]} Rxd6 {[%clk 01:21:05]} {[%emt 00:02:25]} 15. Bb3 {[%clk 01:28:06]}
{[%emt 00:00:07]} Rhd8 {[%clk 01:20:11]} {[%emt 00:01:23]} 16. Ne2 {[%clk
01:28:31]} {[%emt 00:00:05]} c5 {[%clk 01:13:08]} {[%emt 00:07:34]} 17. c3
{[%clk 01:28:46]} {[%emt 00:00:15]} c4 {[%clk 01:12:55]} {[%emt 00:00:43]} 18.
Bc2 {[%clk 01:29:04]} {[%emt 00:00:11]} Nbd5 {[%clk 01:13:01]} {[%emt
00:00:24]} 19. Ng3 {[%clk 01:20:28]} {[%emt 00:09:05]} Qa5 {[%clk 01:12:53]}
{[%emt 00:00:41]} 20. Be4 {[%clk 01:17:06]} {[%emt 00:03:51]} Ra6 {[%clk
01:12:51]} {[%emt 00:00:32]} 21. a3 {[%clk 01:17:30]} {[%emt 00:00:06]} Rb6
{[%clk 01:11:33]} {[%emt 00:01:47]} 22. Kc1 {[%clk 01:11:33]} {[%emt 00:06:28]}
Rb3 {[%clk 01:01:32]} {[%emt 00:10:31]} 23. Bxd5 {[%clk 01:02:58]} {[%emt
00:09:05]} Rxd5 {[%clk 00:57:27]} {[%emt 00:04:35]} 24. Ne4 {[%clk 00:53:16]}
{[%emt 00:10:12]} Qb6 {[%clk 00:52:35]} {[%emt 00:05:23]} 25. Rd2 {[%clk
00:41:42]} {[%emt 00:12:04]} Rdb5 {[%clk 00:49:53]} {[%emt 00:03:09]} 26. a4
{[%clk 00:40:59]} {[%emt 00:01:15]} Nxe4 {[%clk 00:41:49]} {[%emt 00:08:34]} 27.
Qxe4 {[%clk 00:39:22]} {[%emt 00:02:06]} Ra5 {[%clk 00:39:09]} {[%emt
00:03:12]} 28. Qxh7 {[%clk 00:35:12]} {[%emt 00:04:40]} Rxa4 {[%clk 00:38:59]}
{[%emt 00:00:40]} 29. Qg8+ {[%clk 00:35:32]} {[%emt 00:00:09]} Qd8 {[%clk
00:38:20]} {[%emt 00:01:09]} 30. Qxd8+ {[%clk 00:35:48]} {[%emt 00:00:14]} Kxd8
{[%clk 00:38:45]} {[%emt 00:00:05]} 31. Re5 {[%clk 00:35:22]} {[%emt 00:00:55]}
Ra1+ {[%clk 00:38:16]} {[%emt 00:01:00]} 32. Kc2 {[%clk 00:35:48]} {[%emt
00:00:05]} Ra2 {[%clk 00:37:49]} {[%emt 00:00:57]} 33. Kb1 {[%clk 00:34:44]}
{[%emt 00:01:33]} Ra6 {[%clk 00:37:36]} {[%emt 00:00:44]} 34. d5 {[%clk
00:33:06]} {[%emt 00:02:08]} Rd6 {[%clk 00:37:29]} {[%emt 00:00:36]} 35. Rd4
{[%clk 00:32:58]} {[%emt 00:00:38]} b5 {[%clk 00:24:42]} {[%emt 00:13:18]} 36.
dxe6 {[%clk 00:30:43]} {[%emt 00:02:45]} Rxd4 {[%clk 00:25:02]} {[%emt
00:00:10]} 37. exf7 {[%clk 00:30:54]} {[%emt 00:00:19]} Rf4 {[%clk 00:24:54]}
{[%emt 00:00:37]} 38. Re8+ {[%clk 00:31:20]} {[%emt 00:00:05]} Kc7 {[%clk
00:22:46]} {[%emt 00:02:38]} 39. f8=Q {[%clk 00:31:44]} {[%emt 00:00:07]} Rxf8
{[%clk 00:23:09]} {[%emt 00:00:06]} 40. Rxf8 {[%clk 00:32:11]} {[%emt
00:00:03]} a5 {[%clk 00:23:03]} {[%emt 00:00:37]} 41. Rf7+ {[%clk 00:32:10]}
{[%emt 00:00:30]} Kb6 {[%clk 00:22:38]} {[%emt 00:00:55]} 42. Rxg7 {[%clk
00:30:45]} {[%emt 00:01:54]} a4 {[%clk 00:23:06]} {[%emt 00:00:03]} 43. Rg6+
{[%clk 00:12:44]} {[%emt 00:18:31]} Kc5 {[%clk 00:23:09]} {[%emt 00:00:26]} 44.
Ra6 {[%clk 00:12:27]} {[%emt 00:00:49]} Kd5 {[%clk 00:23:01]} {[%emt 00:00:37]}
45. Kc2 {[%clk 00:12:20]} {[%emt 00:00:36]} b4 {[%clk 00:22:10]} {[%emt
00:01:21]} 46. Ra5+ {[%clk 00:12:39]} {[%emt 00:00:11]} Ke6 {[%clk 00:22:05]}
{[%emt 00:00:36]} 47. Rxa4 {[%clk 00:12:52]} {[%emt 00:00:17]} bxc3 {[%clk
00:22:24]} {[%emt 00:00:11]} 48. bxc3 {[%clk 00:13:16]} {[%emt 00:00:47]} Kd5
{[%emt 00:00:37]}  1-0

[Event "1st 4NCL Easter Congress"]
[Site "Stevenage"]
[Date "2019.04.20"]
[Round "3"]
[Board "12"]
[White "Royal, Shreyas"]
[Black "Eames, Robert S"]
[Result "0-1"]
[WhiteElo "1943"]
[BlackElo "2134"]
[PlyCount "0"]
[EventDate "2019.04.19"]
[EventRounds "7"]
[EventCountry "ENG"]

1. d4 {[%clk 01:30:57]} {[%emt 00:00:03]} Nf6 {[%clk 01:28:41]} {[%emt
00:02:20]} 2. c4 {[%clk 01:30:37]} {[%emt 00:00:50]} c5 {[%clk 01:28:33]}
{[%emt 00:00:38]} 3. d5 {[%clk 01:29:54]} {[%emt 00:01:12]} b5 {[%clk
01:28:57]} {[%emt 00:00:06]} 4. cxb5 {[%clk 01:28:51]} {[%emt 00:01:33]} a6
{[%clk 01:29:15]} {[%emt 00:00:13]} 5. f3 {[%clk 01:28:57]} {[%emt 00:00:24]}
g6 {[%clk 01:29:14]} {[%emt 00:00:31]} 6. e4 {[%clk 01:28:17]} {[%emt
00:01:10]} Bg7 {[%clk 01:29:27]} {[%emt 00:00:17]} 7. Na3 {[%clk 01:27:26]}
{[%emt 00:01:21]} O-O {[%clk 01:29:17]} {[%emt 00:00:40]} 8. Ne2 {[%clk
01:27:37]} {[%emt 00:00:17]} e6 {[%clk 01:29:07]} {[%emt 00:00:42]} 9. Nc3
{[%clk 01:26:21]} {[%emt 00:01:47]} Bb7 {[%clk 01:22:42]} {[%emt 00:06:55]} 10.
Be2 {[%clk 01:16:29]} {[%emt 00:10:21]} exd5 {[%clk 01:22:01]} {[%emt
00:01:11]} 11. exd5 {[%clk 01:16:45]} {[%emt 00:00:13]} Nh5 {[%clk 01:17:45]}
{[%emt 00:04:48]} 12. Be3 {[%clk 01:14:09]} {[%emt 00:03:03]} Qh4+ {[%clk
01:08:50]} {[%emt 00:09:27]} 13. Bf2 {[%clk 01:14:01]} {[%emt 00:00:37]} Qb4
{[%clk 01:09:02]} {[%emt 00:00:20]} 14. Qd2 {[%clk 01:09:11]} {[%emt 00:05:19]}
Nf4 {[%clk 01:07:48]} {[%emt 00:01:44]} 15. O-O {[%clk 01:08:28]} {[%emt
00:01:14]} Bxc3 {[%clk 00:58:14]} {[%emt 00:10:04]} 16. bxc3 {[%clk 01:08:51]}
{[%emt 00:00:05]} Nxe2+ {[%clk 00:58:36]} {[%emt 00:00:09]} 17. Qxe2 {[%clk
01:09:09]} {[%emt 00:00:11]} Qxa3 {[%clk 00:58:59]} {[%emt 00:00:08]} 18. Qe5
{[%clk 01:09:03]} {[%emt 00:00:37]} axb5 {[%clk 00:54:36]} {[%emt 00:04:53]} 19.
Be3 {[%clk 01:01:07]} {[%emt 00:08:25]} f6 {[%clk 00:47:09]} {[%emt 00:07:57]}
20. Qc7 {[%clk 01:00:59]} {[%emt 00:00:39]} Qa6 {[%clk 00:43:22]} {[%emt
00:04:16]} 21. Qxc5 {[%clk 00:59:55]} {[%emt 00:01:35]} d6 {[%emt 00:03:02]} 22.
Qc7 {[%clk 00:59:45]} {[%emt 00:00:14]} Bxd5 {[%clk 00:41:02]} {[%emt
00:00:44]} 23. Bb6 {[%clk 00:58:12]} {[%emt 00:02:12]} Nc6 {[%clk 00:38:39]}
{[%emt 00:02:42]} 24. Kh1 {[%clk 00:57:58]} {[%emt 00:00:43]} Rac8 {[%clk
00:37:16]} {[%emt 00:01:55]} 25. Qxd6 {[%clk 00:58:21]} {[%emt 00:00:07]} Bc4
{[%clk 00:37:16]}  0-1